| LEADER | 01909nam a2200265 u 4500 | ||
|---|---|---|---|
| 001 | 10117573 | ||
| 003 | upatras | ||
| 005 | 20240122105659.0 | ||
| 008 | 150921s2013 gr gre | ||
| 040 | |a GR-PaULI |c GR-PaULI | ||
| 041 | 0 | |a gre | |
| 082 | 1 | 4 | |a 616.994 630 71 |2 23 |
| 100 | 1 | |a Μήλια-Αργείτη, Ελένη |9 146164 | |
| 245 | 1 | 0 | |a Μελέτη των πρωτεολυτικών μηχανισμών και των ρυθμιστών τους στις νεοπλασίες των όρχεων |b A study of the proteolytic mechanisms and their regulators in testicular tumors |c Ελένη Μήλια-Αργείτη; Πανεπιστήμιο Πατρών, Σχολή Θετικών Επιστημών, Τμήμα Χημείας, Τομέας Οργανικής Χημείας, Βιοχημείας και Φυσικών Προϊόντων |
| 246 | 1 | 1 | |a A study of the proteolytic mechanisms and their regulators in testicular tumors |
| 300 | |a 231 σ. |b έγχ. εικ. |c 30 εκ. | ||
| 504 | |a Περιλαμβάνει βιβλιογραφία | ||
| 650 | 4 | |a Όρχεις |x Καρκίνος |9 146165 | |
| 700 | 1 | |a Θεοχάρης, Αχιλλέας Δ. |4 oth |9 30358 | |
| 710 | 2 | |9 2771 |a Πανεπιστήμιο Πατρών |b Σχολή Επιστημών Υγείας |b Τμήμα Ιατρικής |e Σχολή Θετικών Επιστημών |e Τμήμα Χημείας |e Τομέας Οργανικής Χημείας, Βιοχημείας και Φυσικών Προϊόντων | |
| 852 | |a GR-PaULI |b ΠΑΤΡΑ |b ΒΚΠ |b ΑΝΕ |k ΔΙΑΤΡΙΒΗ |h 616.994 630 71 ΜΗΛ |m 123603 |p 025000200494 |t 1 | ||
| 942 | |2 ddc |c BKTD | ||
| 952 | |0 0 |1 0 |4 0 |6 616_994000000000000_630_71_ΜΗΛ |7 0 |9 184068 |a LISP |b LISP |c RES |d 2016-04-24 |i 123603 |l 0 |o 616.994 630 71 ΜΗΛ |p 025000200494 |r 2016-04-24 00:00:00 |t 1 |w 2016-04-24 |y BKTD | ||
| 998 | |c ΓΚΟΓΚΟΥ |d 2015-09 | ||
| 999 | |c 113483 |d 113483 | ||